Top 50 Countries With Most Immigrants - Statistics

General Stats
  • This quiz has been taken 395 times
    277 since last reset
  • The average score is 40 of 50
Answer Stats
Absolute % Answer % Correct
50,63 M 15,2% United States
99%
16,82 M 20,2% Germany
98%
9,41 M 13,8% United Kingdom
98%
11,63 M 7,8% Russia
97%
6,84 M 14,6% Spain
97%
8,96 M 13,9% France
96%
7,79 M 31,7% Australia
95%
6,38 M 10,5% Italy
95%
8,04 M 21,3% Canada
94%
1,03 M 0,07% China
94%
2,28 M 1,2% Brazil
93%
2,77 M 2,1% Japan
92%
1,27 M 1,1% Mexico
92%
4,87 M 0,3% India
91%
2,58 M 5,7% Argentina
90%
2,01 M 19,8% Sweden
90%
6,05 M 7,18% Turkey
90%
13,51 M 38,9% Saudi Arabia
88%
1,38 M 28,6% New Zealand
87%
2,27 M 13,6% Netherlands
86%
1,72 M 3,3% South Korea
86%
8,71 M 88,1% United Arab Emirates
86%
1,94 M 3,8% Colombia
84%
2,22 M 77,2% Qatar
84%
2,86 M 39,5% South Africa
84%
1,73 M 19,3% Austria
83%
2,00 M 17,3% Belgium
82%
1,86 M 9,4% Chile
82%
1,34 M 12,8% Greece
80%
3,63 M 5,20% Thailand
80%
4,91 M 10,8% Ukraine
79%
2,79 M 3,3% Iran
78%
3,27 M 1,4% Pakistan
78%
1,95 M 22,5% Israel
77%
2,49 M 28,7% Switzerland
76%
2,37 M 46,4% Oman
74%
3,11 M 72,8% Kuwait
73%
1,52 M 4,1% Peru
72%
3,47 M 10,7% Malaysia
71%
2,52 M 43,1% Singapore
69%
1,30 M 0,6% Nigeria
68%
2,11 M 1,2% Bangladesh
66%
3,45 M 33,8% Jordan
65%
3,73 M 19,8% Kazakhstan
58%
1,71 M 25,0% Lebanon
57%
1,08 M 0,9% Ethiopia
54%
1,05 M 1,9% Kenya
52%
1,39 M 3,1% Sudan
40%
1,70 M 3,7% Uganda
35%
2,56 M 9,7% Ivory Coast
22%
No matching quizzes found
Score Distribution
Percent of People with Each Score
Percentile by Number Answered
Your Score History
You have not taken this quiz since the last reset